ბათუმის შოთა რუსთაველის სახელმწიფო უნივერსიტეტის ბიბლიოთეკა

გრხ 87-78:იუმორისტული მოთხრობები (ბიბ.ჩანაწერი № 43518)

000 -LEADER
fixed length control field 00719nam a2200205Ia 4500
001 - CONTROL NUMBER
control field 10249
003 - CONTROL NUMBER IDENTIFIER
control field GE_BSU
008 - FIXED-LENGTH DATA ELEMENTS--GENERAL INFORMATION
fixed length control field 181216s||||||||xx |||||||||||||| ||und||
040 ## - CATALOGING SOURCE
Transcribing agency GE_BSU
080 ## - UNIVERSAL DECIMAL CLASSIFICATION NUMBER
Universal Decimal Classification number 821.353.1–7
100 ## - MAIN ENTRY--PERSONAL NAME
Personal name სამსონია,ალექსანდრე
245 ## - TITLE STATEMENT
Title გრხ 87-78:იუმორისტული მოთხრობები
245 ## - TITLE STATEMENT
Statement of responsibility, etc. რედ.გ.მაჭუტაძე.მხატვ.რ.სანადირაძე
260 ## - PUBLICATION, DISTRIBUTION, ETC.
Place of publication, distribution, etc. ბათუმი
260 ## - PUBLICATION, DISTRIBUTION, ETC.
Name of publisher, distributor, etc. საბჭოთა აჭარა
260 ## - PUBLICATION, DISTRIBUTION, ETC.
Date of publication, distribution, etc. 1971
300 ## - PHYSICAL DESCRIPTION
Extent 232გვ.20სმ.
653 ## - INDEX TERM--UNCONTROLLED
Uncontrolled term იუმორისტული მოთხრობები
942 ## - ADDED ENTRY ELEMENTS (KOHA)
Koha item type წიგნი
ეგზემპლარები
Withdrawn status Lost status Damaged status Not for loan Date acquired Barcode Date last seen Price effective from Koha item type
        2018-12-17 33639 2018-12-17 2018-12-17 წიგნი
        2018-12-17 33640 2018-12-17 2018-12-17 წიგნი